[Event "XXI Weekend C"]
[Site "Ceriano Laghetto ITA"]
[Date "2012.03.??"]
[Round "4"]
[White "Marchesotti, Giovanni"]
[Black "Esposito, Marco F."]
[WhiteElo "1572"]
[BlackElo "1515"]
[Result "0-1"]
[PlyCount "80"]
[EventDate "2012.03.23"]

1. b3 d5 2. Bb2 f6 3. f4 Nc6 4. e3 Bf5 5. Nf3 Qd7 6. Be2 O-O-O 7. Nd4 Nxd4 8.
Bxd4 e6 9. d3 Ne7 10. Nd2 Nc6 11. Bb2 Bc5 12. Nf1 e5 13. fxe5 fxe5 14. Ng3 Be6
15. d4 exd4 16. exd4 Bd6 17. O-O Rdf8 18. Qd2 g6 19. Bb5 h5 20. Rxf8+ Rxf8 21.
Rf1 Rxf1+ 22. Nxf1 Qf7 23. Bxc6 bxc6 24. Bc1 c5 25. Qh6 Kb7 26. c3 cxd4 27.
cxd4 Bf5 28. Qd2 Qe7 29. Qf2 c5 30. Bf4 cxd4 31. Bxd6 Qxd6 32. Qxd4 Qb6 33.
Qxb6+ Kxb6 34. Ne3 Be4 35. Kf2 Kc5 36. a3 a5 37. Ke2 Kb5 38. g3 d4 39. Nc4 Bc2
40. Nd2 Kc5 0-1

[Event "XXI Weekend C"]
[Site "Ceriano Laghetto ITA"]
[Date "2012.03.??"]
[Round "4"]
[White "Nipote, Mario"]
[Black "Sala, Pierluigi"]
[WhiteElo "1504"]
[BlackElo "1440"]
[Result "0-1"]
[PlyCount "46"]
[EventDate "2012.03.23"]

1. d4 d5 2. Nf3 Nf6 3. c4 e6 4. Nc3 Be7 5. Bf4 c6 6. e3 O-O 7. Rc1 Nbd7 8. h3
a6 9. Bd3 dxc4 10. Bxc4 Nd5 11. Bg3 b5 12. Bd3 Bb7 13. O-O Rc8 14. Bb1 c5 15.
Qd2 Nxc3 16. Rxc3 Bxf3 17. gxf3 cxd4 18. Qxd4 Bf6 19. Qe4 g6 20. Rxc8 Qxc8 21.
b3 Nb6 22. Rd1 Nd5 23. Rd2 Qc1+ 0-1

[Event "XXI Weekend C"]
[Site "Ceriano Laghetto ITA"]
[Date "2012.03.??"]
[Round "4"]
[White "Palermiti, Francesco"]
[Black "Di Napoli, Matteo"]
[WhiteElo "1545"]
[BlackElo "1572"]
[Result "0-1"]
[PlyCount "114"]
[EventDate "2012.03.23"]

1. d4 d5 2. Nf3 Nf6 3. e3 Bf5 4. Bd3 Bxd3 5. Qxd3 c6 6. O-O Nbd7 7. Nbd2 e6 8.
b3 Be7 9. Bb2 Rc8 10. Ne5 Nxe5 11. dxe5 Nd7 12. Qe2 Qc7 13. f4 Qb6 14. Rad1 Bc5
15. Rf3 Nf8 16. c4 Ng6 17. Kh1 Nh4 18. Rg3 Nf5 19. Rf3 Nxe3 20. Rc1 Nf5 21.
cxd5 cxd5 22. Qe1 O-O 23. Rd3 Rc6 24. Rd1 Rfc8 25. Nf3 Bb4 26. Qg1 Qxg1+ 27.
Kxg1 Rc2 28. a3 Rxb2 29. axb4 Rcc2 30. Ne1 Re2 31. Rc1 g6 32. Rf3 Ne3 33. Rg3
Nc2 34. Nxc2 Rexc2 35. Rxc2 Rxc2 36. h4 h5 37. f5 exf5 38. Rd3 Kf8 39. Rxd5 Ke7
40. Kf1 Rb2 41. Rd3 Ke6 42. Re3 f4 43. Re4 Rxb3 44. Rxf4 Kxe5 45. Rxf7 Rxb4 46.
g3 a5 47. Ke2 a4 48. Rc7 Kf5 49. Rc5+ Kg4 50. Rg5+ Kh3 51. Kf2 a3 52. Ra5 Rb3
53. Ra4 Rxg3 54. Rb4 Rg2+ 55. Kf3 a2 56. Rb3 a1=Q 57. Kf4+ Kh2 0-1

[Event "XXI Weekend C"]
[Site "Ceriano Laghetto ITA"]
[Date "2012.03.??"]
[Round "4"]
[White "Vuckovic, Dimitrije"]
[Black "Puppi, Simone"]
[WhiteElo "1572"]
[BlackElo "1588"]
[Result "0-1"]
[PlyCount "120"]
[EventDate "2012.03.23"]

1. Nf3 c5 2. c4 Nf6 3. Nc3 e6 4. g3 b6 5. Bg2 Bb7 6. O-O g6 7. b3 Bg7 8. Bb2
O-O 9. Qc2 d5 10. cxd5 exd5 11. d4 Qc7 12. Rad1 cxd4 13. Nxd4 Rd8 14. Rfe1 Nc6
15. a3 Nxd4 16. Rxd4 Rac8 17. Red1 Ne4 18. Bxe4 Bxd4 19. Rxd4 dxe4 20. Rc4 Qd7
21. Bc1 Rxc4 22. bxc4 Qc6 23. Qb3 e3 24. f3 Qe6 25. g4 Rc8 26. Nd1 Rxc4 27.
Qxe3 Qxe3+ 28. Bxe3 Rc2 29. Kf2 Ba6 30. Kg3 Bxe2 31. Nf2 Rc3 32. Kf4 Rxa3 33.
Ne4 Ra4 34. Kg3 f5 35. Nc3 Ra3 36. Bd4 Bd3 37. g5 Kf7 38. Kf4 Ke6 39. Ke3 Bc4
40. f4 b5 41. Kd2 b4 42. Ne2 Bxe2 43. Kxe2 b3 44. Kd1 Kd5 45. Be5 Ra2 46. Kc1
Rxh2 47. Kb1 a5 48. Bb2 Ke4 49. Ba3 a4 50. Bc5 Kd3 51. Ba3 Ke4 52. Bb4 Kxf4 53.
Bd6+ Kxg5 54. Bxh2 f4 55. Bg1 Kg4 56. Kb2 f3 57. Bd4 Kg3 58. Ka3 f2 59. Be5+
Kg2 60. Kxa4 f1=Q 0-1

[Event "XXI Weekend C"]
[Site "Ceriano Laghetto ITA"]
[Date "2012.03.??"]
[Round "5"]
[White "Agustoni, Alessandro"]
[Black "Ciochetta, Giovanni"]
[WhiteElo "1515"]
[BlackElo "1550"]
[Result "1-0"]
[PlyCount "89"]
[EventDate "2012.03.23"]

1. d4 d5 2. Nf3 Nc6 3. c4 e6 4. g3 Nf6 5. Bg2 Bb4+ 6. Bd2 Bxd2+ 7. Nbxd2 O-O 8.
O-O b6 9. Rc1 Rb8 10. cxd5 exd5 11. Rxc6 Bd7 12. Ne5 Re8 13. Nxd7 Qxd7 14. Rc1
Re7 15. e3 Rd8 16. Nf3 Qb5 17. Qc2 h6 18. Ne5 c5 19. a4 Qe8 20. Nf3 c4 21. Nd2
Rc7 22. Nb1 a6 23. Nc3 b5 24. axb5 axb5 25. Qf5 Qc6 26. Rfd1 b4 27. Ne2 Qb5 28.
Nf4 Ra7 29. Bxd5 Nxd5 30. e4 g6 31. Nxg6 c3 32. exd5 cxb2 33. Rb1 fxg6 34.
Qxg6+ Rg7 35. Qe6+ Kh7 36. Qe4+ Kh8 37. Rxb2 Rxd5 38. Rxb4 Qxb4 39. Qxd5 Qa4
40. Qf3 Rf7 41. Qd3 Qa2 42. Qd2 Qe6 43. d5 Qd6 44. Qd4+ Rg7 45. Re1 1-0

[Event "XXI Weekend C"]
[Site "Ceriano Laghetto ITA"]
[Date "2012.03.??"]
[Round "5"]
[White "Di Napoli, Matteo"]
[Black "Puppi, Simone"]
[WhiteElo "1572"]
[BlackElo "1588"]
[Result "1-0"]
[PlyCount "119"]
[EventDate "2012.03.23"]

1. d4 d5 2. c4 c6 3. Nc3 Nf6 4. cxd5 cxd5 5. Bg5 e6 6. e3 Be7 7. Qc2 Nc6 8. a3
e5 9. dxe5 Nxe5 10. Nge2 Qa5 11. Rd1 Be6 12. b4 Qxa3 13. Bxf6 Bxf6 14. Qa4+
Qxa4 15. Nxa4 b6 16. Nd4 Bd7 17. Nc3 O-O 18. Nxd5 Ng4 19. h3 Bxd4 20. Rxd4 Ne5
21. Ne7+ Kh8 22. b5 Be6 23. f4 Nd7 24. f5 Nc5 25. fxe6 Nxe6 26. Ra4 Nc5 27. Ra3
Rad8 28. Bc4 Nb7 29. Ke2 Nd6 30. Bd3 Rfe8 31. Rxa7 g6 32. Nc6 Ra8 33. Rha1 Rac8
34. Rd7 Re6 35. Rd8+ Kg7 36. Rxc8 Nxc8 37. Ra8 Nd6 38. Rb8 f5 39. Kf3 Nf7 40.
Rb7 Kf6 41. Rxf7+ Kxf7 42. Nd8+ Kf6 43. Nxe6 Kxe6 44. Kf4 h6 45. h4 Kf6 46. g4
g5+ 47. hxg5+ hxg5+ 48. Kf3 fxg4+ 49. Kxg4 Ke6 50. Kxg5 Ke5 51. Kg4 Kf6 52. Kf4
Ke6 53. Ke4 Kd6 54. Kd4 Ke7 55. Bc4 Kd6 56. e4 Kc7 57. Ke5 Kd7 58. Bd5 Ke7 59.
Bc6 Kf7 60. Kd6 1-0

[Event "XXI Weekend C"]
[Site "Ceriano Laghetto ITA"]
[Date "2012.03.??"]
[Round "5"]
[White "Fantina, Carla"]
[Black "Kiszka Jean, Marc"]
[WhiteElo "1458"]
[BlackElo "1377"]
[Result "1-0"]
[PlyCount "185"]
[EventDate "2012.03.23"]

1. c4 Nf6 2. Nc3 d5 3. cxd5 Nxd5 4. d4 Nxc3 5. bxc3 g6 6. g3 Bg7 7. Bg2 c5 8.
Nf3 Nc6 9. e3 O-O 10. O-O Bg4 11. h3 Bxf3 12. Bxf3 Rc8 13. Bb2 cxd4 14. exd4 e6
15. Rb1 Qc7 16. Bg2 Rfd8 17. Qa4 Qa5 18. Bxc6 Qxa4 19. Bxa4 a6 20. Bb3 b5 21.
a4 Rb8 22. axb5 Rxb5 23. Bc4 Rb6 24. Ba3 Rc6 25. Bc5 Bf8 26. Bxf8 Kxf8 27. Be2
Rxc3 28. Bxa6 Rxd4 29. Rfd1 Ra4 30. Rd8+ Kg7 31. Bb5 Ra2 32. Rf1 Ra5 33. Be8
Rc7 34. Rd7 Rxd7 35. Bxd7 Rd5 36. Bc6 Rd6 37. Bg2 h6 38. f4 f6 39. Rb1 Rd7 40.
Bc6 Re7 41. g4 g5 42. f5 e5 43. Be4 Rc7 44. Kg2 Ra7 45. Rb2 Rc7 46. Rd2 Kf8 47.
Ra2 Kg7 48. Ra3 Rd7 49. Kg3 Rc7 50. h4 Rd7 51. hxg5 hxg5 52. Kf3 Rc7 53. Ke3
Rd7 54. Bd3 Kf7 55. Bc4+ Kg7 56. Be6 Rc7 57. Ke4 Kf8 58. Kd5 Ke7 59. Rh3 Kf8
60. Kd6 Ra7 61. Rc3 Ra6+ 62. Kc7 Ra4 63. Rg3 Rd4 64. Kc6 Ke7 65. Bd5 Rf4 66.
Kc5 Kf8 67. Bc4 e4 68. Be2 Rf2 69. Bc4 Rf3 70. Rg2 e3 71. Re2 Rf4 72. Rxe3 Rxg4
73. Be6 Kg7 74. Rd3 Kh6 75. Rd8 Rf4 76. Rh8+ Kg7 77. Rg8+ Kh6 78. Rg6+ Kh5 79.
Rxf6 g4 80. Rf8 Kg5 81. Kd5 Rf2 82. Ke4 Rf4+ 83. Ke3 Rf3+ 84. Ke2 Kf4 85. Rg8
g3 86. Bd7 Re3+ 87. Kf1 Re7 88. Be6 Rh7 89. Kg1 Rh6 90. Rg6 Rh8 91. f6 Rf8 92.
f7 Ke5 93. Rg8 1-0

[Event "XXI Weekend C"]
[Site "Ceriano Laghetto ITA"]
[Date "2012.03.??"]
[Round "5"]
[White "Ossoli, Giuseppe"]
[Black "Nipote, Mario"]
[WhiteElo "1485"]
[BlackElo "1504"]
[Result "0-1"]
[PlyCount "81"]
[EventDate "2012.03.23"]

1. c4 c6 2. Nc3 d5 3. cxd5 cxd5 4. d4 Nc6 5. Nf3 Nf6 6. e3 Bg4 7. Be2 e6 8. O-O
a6 9. a3 Bd6 10. h3 Bh5 11. Nh2 Bxe2 12. Qxe2 O-O 13. Bd2 Re8 14. b4 Qc7 15.
Nf3 e5 16. dxe5 Nxe5 17. Nxe5 Bxe5 18. Rfc1 Qd7 19. Qf3 Rac8 20. Ra2 Rc6 21.
Rac2 Rec8 22. Be1 Bxc3 23. Bxc3 Ne4 24. Rd1 Nxc3 25. Rdd2 Ne4 26. Rxc6 Rxc6 27.
Rd1 Rf6 28. Qh5 Rf5 29. Qe2 Nc3 30. Qd2 Nxd1 31. Qxd1 Rf6 32. Qd4 h6 33. e4 Rd6
34. exd5 Rxd5 35. Qe3 Qd6 36. g3 Rd1+ 37. Kh2 Qd5 38. g4 Qh1+ 39. Kg3 Qg1+ 40.
Kf4 Qh2+ 41. Kf5 0-1

[Event "XXI Weekend C"]
[Site "Ceriano Laghetto ITA"]
[Date "2012.03.??"]
[Round "5"]
[White "Rokic, Petar"]
[Black "Marchesotti, Giovanni"]
[WhiteElo "1443"]
[BlackElo "1572"]
[Result "0-1"]
[PlyCount "51"]
[EventDate "2012.03.23"]

1. d4 Nf6 2. c4 e6 3. g3 d5 4. cxd5 exd5 5. Bg2 Bb4+ 6. Nd2 Nc6 7. Ngf3 Bg4 8.
a3 Bxd2+ 9. Qxd2 Bxf3 10. Bxf3 O-O 11. e3 Qd7 12. O-O Rae8 13. b4 Ne4 14. Qc2
f5 15. Bb2 Nd8 16. Rac1 Ne6 17. Bg2 b6 18. Rfe1 Nd6 19. Bf1 Ng5 20. Qd1 Rf6 21.
Rc2 f4 22. Bc3 fxg3 23. Ree2 gxh2+ 24. Kh1 Qg4 25. Bg2 Rxf2 26. Qg1 0-1

[Event "XXI Weekend C"]
[Site "Ceriano Laghetto ITA"]
[Date "2012.03.??"]
[Round "5"]
[White "Sala, Pierluigi"]
[Black "Vuckovic, Dimitrije"]
[WhiteElo "1440"]
[BlackElo "1572"]
[Result "0-1"]
[PlyCount "57"]
[EventDate "2012.03.23"]

1. d4 Nf6 2. Nf3 g6 3. e3 Bg7 4. Bd3 O-O 5. O-O d6 6. h3 Nc6 7. c3 e5 8. dxe5
Nxe5 9. Nxe5 dxe5 10. e4 Be6 11. Bg5 c6 12. Qe2 b5 13. Rd1 Qb6 14. Be3 Qc7 15.
Nd2 Nh5 16. Nf3 Nf4 17. Bxf4 exf4 18. e5 Rfe8 19. Re1 Bd5 20. Be4 Bc4 21. Bd3
Bxd3 22. Qxd3 Rad8 23. Qe2 Re6 24. Nd4 Rxe5 25. Qf3 Rxe1+ 26. Rxe1 Bxd4 27.
cxd4 Rxd4 28. Rc1 Rd6 29. Rc2 0-1

[Event "XXI Weekend C"]
[Site "Ceriano Laghetto ITA"]
[Date "2012.03.??"]
[Round "5"]
[White "Vergano, Riccardo"]
[Black "Palermiti, Francesco"]
[WhiteElo "1393"]
[BlackElo "1545"]
[Result "0-1"]
[PlyCount "72"]
[EventDate "2012.03.23"]

1. d4 d5 2. c4 e6 3. Nf3 Nf6 4. Bg5 Nbd7 5. e3 a6 6. Nc3 dxc4 7. Bxc4 b5 8. Bd3
Bb7 9. e4 Be7 10. O-O b4 11. e5 Nd5 12. Bxe7 Qxe7 13. Nxd5 Bxd5 14. Qe2 a5 15.
Bc4 c6 16. Nd2 O-O 17. f4 f5 18. exf6 Nxf6 19. Bd3 c5 20. dxc5 Qxc5+ 21. Kh1
Qd4 22. Ne4 Nxe4 23. Bxe4 Rxf4 24. Bxd5 Rxf1+ 25. Rxf1 Qxd5 26. Qf2 e5 27. b3
e4 28. Re1 Re8 29. Qe3 h6 30. h3 Qe5 31. Rf1 Qc3 32. Qe2 Qc6 33. Re1 a4 34. Kg1
Qc5+ 35. Kh1 axb3 36. axb3 e3 0-1